000 00365nam a2200157Ia 4500
008 230917s9999||||xx |||||||||||||| ||und||
040 _e101246
_aMAIN
041 _aEnglish
082 _a320.50954 R148B
100 _aRam Ratan
245 0 _aBharatiya rajnitik chintan
250 _a4th ed.
260 _aNoida
_bMayur
_c2003
300 _a427 p.
942 _cBK
999 _c122754
_d122754